000 00685nam a2200241 a 4500
001 25195
003 BD-RjUL
005 20211209050838.0
008 140316s1961 ii 001 0 eng d
035 _a(BD-RjUL)25264
040 _aDLC
_cKEU
_dBD-RjUL
_beng
041 _aeng
082 0 0 _a915.4
_bHUN 1961
100 1 _aHusain, Sayyid Abid,
_d1896-1978.
_977509
245 1 4 _aThe national culture of India /
_cby S. Abid Husain.
250 _a2nd rev. and enl. ed.
260 _aBombay ;
_aLondon :
_bAsia Pub. House,
_c1961.
300 _a237 p. ;
_c23 cm.
504 _aIncludes index.
651 0 _aIndia
_xCivilization.
_977510
942 _2ddc
_cBK
999 _c25195
_d25195